| 000 | 00708nam a2200205Ia 4500 | ||
|---|---|---|---|
| 001 | 5422 | ||
| 003 | GE_BSU | ||
| 008 | 181216s||||||||xx |||||||||||||| ||und|| | ||
| 040 | _cGE_BSU | ||
| 080 | _a517(075.8) | ||
| 100 | _aКальницкий Л.А., Добротин Д.А., Жевержеев В.Ф. | ||
| 245 | _aСпециальный курс высшей математики пикладные вопрсы анализа. . | ||
| 245 | _bУчеб. пособие для студ. вузов | ||
| 260 | _aмосква | ||
| 260 | _bВысшая школа, | ||
| 260 | _c1976. | ||
| 300 | _a388с | ||
| 653 | _aСпециальный курс высшей математики | ||
| 942 | _cBK | ||
| 999 |
_c38967 _d38967 |
||